00654nam a2200193Ia 4500003000900000008004100009020002700050022002200077022002300099040001600122100002600138245007400164260003100238300001300269490002800282700001900310700002300329856010800352IN-BaIIA211028s9999 xx s 000 0 eng d a2-86883-735-2 (Online) a1633-4760 (Print) a1638-1963 (Online) cIIA Library aGurvits, L. I., ed.  0aRadio Astronomy from Karl Jansky to Microjansky – JENAM'03h[eBook] aFrancebEDP Sciencesc2005 av, 485p. aEAS Publications Series aFrey, S., ed.  aRawlings, S., ed.  uhttps://www.eas-journal.org/articles/eas/abs/2005/02/contents/contents.htmlyClick Here to Access eBook